000 00416nam a2200169 a 4500
001 2700
005 20140414131902.0
008 050924s19uu xx 00 eng d
020 _a0-448-08929-7
050 _aFIC
_bD54 #29
100 _aFranklin W. Dixon
245 _aThe secret of the lost tunnel.
260 _aNew York :
_bGrosset & Dunlap.
300 _ap. ; cm.
440 _aHardy boys
999 _c110720
_d110720